Adaptations III: Books That Became Movies Quiz Stats

 Plays Quiz Updated Nov 8, 2017

Challenge
Share
Tweet
Embed
Score 0/30 Timer 10:00
0 Plays Today
Author (Year) Title % Correct
Harper Lee (1960)To Kill a Mockingbird
80%
Bram Stoker (1897)Dracula
79.2%
Louisa May Alcott (1868)Little Women
68.8%
J.K. Rowling (1999)Harry Potter and the Prisoner of Azkaban
66.7%
Jane Austen (1811)Sense and Sensibility
55.2%
Alice Walker (1982)The Color Purple
53.3%
Alexandre Dumas (1844)The Three Musketeers
52.8%
Alice Sebold (2002)The Lovely Bones
50.5%
Kurt Vonnegut (1969)Slaughterhouse-Five
50.5%
Charles Dickens (1838)Oliver Twist
50%
Ray Bradbury (1953)Fahrenheit 451
39.5%
Toni Morrison (1987)Beloved
37.7%
Frank Herbert (1965)Dune
36.6%
Bret Easton Ellis (1991)American Psycho
30.6%
Jeffrey Eugenides (1993)The Virgin Suicides
29.5%
Author (Year) Title % Correct
L. Ron Hubbard (1982)Battlefield Earth
29.3%
William Goldman (1973)The Princess Bride
25.9%
Audrey Niffenegger (2003)The Time Traveler's Wife
25.2%
Tom Wolfe (1987)The Bonfire of the Vanities
24.9%
William S. Burroughs (1959)Naked Lunch
22.4%
Raymond Chandler (1939)The Big Sleep
20.4%
Joe Klein, as Anonymous (1996)Primary Colors
17.5%
Larry McMurtry (1966)The Last Picture Show
16.9%
Patricia Highsmith (1955)The Talented Mr. Ripley
14.7%
Nikos Kazantzakis (1960)The Last Temptation of Christ
12.7%
Henry James (1881)The Portrait of a Lady
10.7%
Daniel Clowes (1993-97)Ghost World
8.7%
Jay McInerney (1984)Bright Lights, Big City
7.6%
Walter Mosley (1990)Devil in a Blue Dress
6.7%
Thomas Berger (1964)Little Big Man
4.1%

You're not logged in!

Compare scores with friends on all Sporcle quizzes.
Join for Free
OR
Log In

You Might Also Like...

Show Comments

Extras

Top Quizzes Today


Score Distribution

Your Account Isn't Verified!

In order to create a playlist on Sporcle, you need to verify the email address you used during registration. Go to your Sporcle Settings to finish the process.

Report this User

Report this user for behavior that violates our Community Guidelines.

Details: